000 00595nam a22002177a 4500
999 _c2467
_d2467
005 20230602121509.0
008 230602b ||||| |||| 00| 0 eng d
020 _a9788967493585
040 _cKH8
082 _a800 BRI
100 _aBrice, Rowena
_eAuthor
245 _aBo- ing /
_cRowena Brice
260 _aSouth Korea
_bKIZ-M Education Group
_c2015
300 _a26p.
_bcol. ill
_c35cm
521 _aChildren's stories
650 _aChildren's stories
650 _aEnglish Fiction
650 _aFi Flea (character)
700 _aKim Minjun
_eIllustrator
942 _2ddc
_cFIC